000 00794nam a2200253 a 4500
001 68705
003 BD-RjUL
005 20211209081812.0
008 960319s1997 enka b 001 0 eng
020 _a0521561094 (hbk)
035 _a(BD-RjUL)68915
040 _aDLC
_cDLC
_dDLC
_beng
041 _aeng
082 0 0 _223
_a532.051
_bSIG 1997
100 1 _aSimpson, John E.,
_d1915-
_9203649
245 1 0 _aGravity currents in the environment and the laboratory /
_cJohn E. Simpson.
250 _a2nd ed.
260 _aCambridge, U.K. ;
_aNew York, NY, USA :
_bCambridge University Press,
_c1997.
300 _axiii, 244 p. :
_bill. ;
_c26 cm.
504 _aIncludes bibliographical references and index.
650 0 _aGravity.
_9147545
650 0 _aFluid dynamics.
_9203650
942 _2ddc
_cBK
999 _c68705
_d68705